[Event "1st Stars Cup 2016"]
[Site "Guilan, Iran"]
[Date "2016.07.14"]
[Round "4"]
[Board "4"]
[White "Short, Nigel D"]
[Black "Firouzja, Alireza"]
[Result "1-0"]
[WhiteElo "2652"]
[BlackElo "2481"]
[PlyCount "0"]
[EventDate "2016.07.11"]
[EventType "team"]
[EventRounds "10"]
[EventCountry "IRI"]
[WhiteTeam "World Stars"]
[BlackTeam "Iran Stars"]

1. g3 {[%clk 1:30:56]} g6 {[%clk 1:30:22]} 2. Bg2 {[%clk 1:31:18]} Bg7
{[%clk 1:30:45]} 3. e4 {[%clk 1:31:39]} d6 {[%clk 1:26:10]} 4. d4
{[%clk 1:30:47]} Nf6 {[%clk 1:25:56]} 5. Ne2 {[%clk 1:30:37]} O-O
{[%clk 1:25:45]} 6. O-O {[%clk 1:30:56]} c6 {[%clk 1:22:57]} 7. a4
{[%clk 1:27:04]} e5 {[%clk 1:19:52]} 8. Nbc3 {[%clk 1:26:06]} a5 {[%clk 1:17:44]}
9. h3 {[%clk 1:24:26]} Na6 {[%clk 1:16:35]} 10. Be3 {[%clk 1:23:00]} Qe7
{[%clk 1:10:04]} 11. Re1 {[%clk 1:20:39]} Nb4 {[%clk 1:04:44]} 12. Qd2
{[%clk 1:20:17]} Nd7 {[%clk 1:01:07]} 13. Rad1 {[%clk 1:15:23]} f5
{[%clk 0:54:15]} 14. exf5 {[%clk 1:03:26]} gxf5 {[%clk 0:54:00]} 15. Bg5
{[%clk 1:00:06]} Qf7 {[%clk 0:51:03]} 16. d5 {[%clk 0:29:52]} e4 {[%clk 0:29:32]}
17. Nf4 {[%clk 0:29:15]} Ne5 {[%clk 0:29:37]} 18. Qe2 {[%clk 0:29:23]} Qc7
{[%clk 0:22:44]} 19. Rd2 {[%clk 0:26:19]} Na6 {[%clk 0:19:15]} 20. Red1
{[%clk 0:25:13]} Nf7 {[%clk 0:12:47]} 21. Bh4 {[%clk 0:25:04]} Nc5
{[%clk 0:12:31]} 22. Nh5 {[%clk 0:23:02]} Be5 {[%clk 0:12:32]} 23. Bf6
{[%clk 0:20:28]} Nd7 {[%clk 0:12:26]} 24. Bxe5 {[%clk 0:17:00]} Ndxe5
{[%clk 0:12:45]} 25. Kh1 {[%clk 0:13:00]} Kh8 {[%clk 0:11:02]} 26. b3
{[%clk 0:12:53]} Qe7 {[%clk 0:10:40]} 27. dxc6 {[%clk 0:12:36]} bxc6
{[%clk 0:10:59]} 28. Qe3 {[%clk 0:13:02]} Qa7 {[%clk 0:10:40]} 29. Rd4
{[%clk 0:12:50]} Qc5 {[%clk 0:09:19]} 30. Ne2 {[%clk 0:11:48]} Ra7
{[%clk 0:08:33]} 31. R1d2 {[%clk 0:11:35]} Re7 {[%clk 0:08:27]} 32. Nef4
{[%clk 0:11:48]} Ng6 {[%clk 0:05:22]} 33. Bf1 {[%clk 0:11:40]} Nge5
{[%clk 0:03:39]} 34. Be2 {[%clk 0:12:03]} Qa7 {[%clk 0:03:53]} 35. Rd1
{[%clk 0:10:54]} Ba6 {[%clk 0:03:09]} 36. c4 {[%clk 0:10:01]} Bc8
{[%clk 0:02:39]} 37. Nf6 {[%clk 0:09:42]} Qb6 {[%clk 0:02:05]} 38. g4
{[%clk 0:09:11]} Rb7 {[%clk 0:00:59]} 39. Rb1 {[%clk 0:09:37]} Qd8
{[%clk 0:01:19]} 40. N4h5 {[%clk 0:09:46]} Qe7 {[%clk 0:01:06]} 41. Rg1
{[%clk 0:09:44]} fxg4 {[%clk 0:01:07]} 42. hxg4 {[%clk 0:09:50]} Nd8
{[%clk 0:00:58]} 43. g5 {[%clk 0:09:11]} Bf5 {[%clk 0:01:17]} 44. Ng3
{[%clk 0:09:36]} Bg6 {[%clk 0:01:06]} 45. Ngxe4 {[%clk 0:09:55]} Ndf7
{[%clk 0:01:08]} 46. Bd1 {[%clk 0:07:35]} c5 {[%clk 0:00:50]} 47. Rd2
{[%clk 0:07:59]} Nd7 {[%clk 0:01:12]} 48. Qc3 {[%clk 0:07:20]} Bxe4+
{[%clk 0:00:40]} 49. Nxe4+ {[%clk 0:07:45]} Nfe5 {[%clk 0:00:55]} 50. Qe3
{[%clk 0:05:31]} Ng6 {[%clk 0:00:37]} 51. Nxd6 {[%clk 0:04:27]} Qxe3
{[%clk 0:01:02]} 52. fxe3 {[%clk 0:04:55]} Rc7 {[%clk 0:00:42]} 53. Nb5
{[%clk 0:03:53]} Rb7 {[%clk 0:01:06]} 54. Bh5 {[%clk 0:04:11]} Nde5
{[%clk 0:00:59]} 55. Rd5 {[%clk 0:03:54]} Re7 {[%clk 0:01:28]} 56. Nd6
{[%clk 0:03:57]} Nh4 {[%clk 0:01:36]} 57. e4 {[%clk 0:02:47]} Rf2
{[%clk 0:00:35]} 58. Nf5 {[%clk 0:03:11]} Nxf5 {[%clk 0:00:59]} 59. exf5
{[%clk 0:03:37]} Rxf5 {[%clk 0:01:20]} 60. Rxc5 {[%clk 0:03:45]} Rf2
{[%clk 0:00:55]} 61. Re1 {[%clk 0:03:39]} Rf5 {[%clk 0:01:17]} 62. Rxa5
{[%clk 0:03:47]} Rxg5 {[%clk 0:01:28]} 63. Ra8+ {[%clk 0:03:38]} Kg7
{[%clk 0:01:52]} 64. Rg1 {[%clk 0:04:06]} Rxg1+ {[%clk 0:01:55]} 65. Kxg1
{[%clk 0:04:32]} Rb7 {[%clk 0:01:56]} 66. Ra5 {[%clk 0:04:55]} Kf6
{[%clk 0:02:14]} 67. Rb5 {[%clk 0:05:21]} Rd7 {[%clk 0:02:38]} 68. a5
{[%clk 0:05:33]} Rd2 {[%clk 0:03:06]} 69. Kf1 {[%clk 0:05:04]} Kf5
{[%clk 0:03:08]} 70. Be2 {[%clk 0:05:04]} Ke4 {[%clk 0:03:14]} 71. b4
{[%clk 0:05:05]} Nc6 {[%clk 0:03:07]} 72. a6 {[%clk 0:02:58]} Ra2
{[%clk 0:03:09]} 73. Rb6 {[%clk 0:03:10]} Nd4 {[%clk 0:03:11]} 74. Bh5
{[%clk 0:03:31]} Nf5 {[%clk 0:02:51]} 75. Ke1 {[%clk 0:03:18]} Ne3
{[%clk 0:01:59]} 76. c5 {[%clk 0:03:07]} Nc2+ {[%clk 0:01:45]} 77. Kf1
{[%clk 0:02:16]} Ne3+ {[%clk 0:01:54]} 78. Kg1 {[%clk 0:02

[Event "1st Stars Cup 2016"]
[Site "Guilan, Iran"]
[Date "2016.07.14"]
[Round "4"]
[Board "5"]
[White "Sokolov, Ivan"]
[Black "Khademalsharieh, Sarasadat"]
[Result "1-0"]
[WhiteElo "2642"]
[BlackElo "2445"]
[PlyCount "0"]
[EventDate "2016.07.11"]
[EventType "team"]
[EventRounds "10"]
[EventCountry "IRI"]
[WhiteTeam "World Stars"]
[BlackTeam "Iran Stars"]

1. e4 {[%clk 1:30:54]} e5 {[%clk 1:30:49]} 2. Nf3 {[%clk 1:31:19]} Nc6
{[%clk 1:31:10]} 3. Bb5 {[%clk 1:31:43]} a6 {[%clk 1:30:58]} 4. Ba4
{[%clk 1:32:06]} Nf6 {[%clk 1:30:57]} 5. d3 {[%clk 1:32:04]} b5 {[%clk 1:30:16]}
6. Bb3 {[%clk 1:32:27]} Bc5 {[%clk 1:30:32]} 7. a4 Rb8 {[%clk 1:29:09]} 8. axb5
{[%clk 1:26:22]} axb5 {[%clk 1:29:33]} 9. Bg5 {[%clk 1:23:17]} h6
{[%clk 1:28:41]} 10. Bh4 {[%clk 1:23:41]} Be7 {[%clk 1:12:01]} 11. O-O
{[%clk 1:14:41]} d6 {[%clk 1:12:09]} 12. Re1 {[%clk 1:06:36]} Bg4
{[%clk 1:05:40]} 13. c3 {[%clk 1:04:49]} O-O {[%clk 0:58:12]} 14. h3
{[%clk 0:59:36]} Be6 {[%clk 0:58:12]} 15. Bxe6 {[%clk 0:55:28]} fxe6
{[%clk 0:58:36]} 16. d4 {[%clk 0:55:57]} Nd7 {[%clk 0:53:15]} 17. Bg3
{[%clk 0:46:29]} Bf6 {[%clk 0:46:10]} 18. Ra6 Nb6 {[%clk 0:40:13]} 19. dxe5
{[%clk 0:33:15]} Nxe5 {[%clk 0:39:18]} 20. Bxe5 {[%clk 0:33:39]} Bxe5 21. Qe2
{[%clk 0:27:06]} Nd7 {[%clk 0:37:04]} 22. Na3 {[%clk 0:27:07]} Qc8
{[%clk 0:30:29]} 23. Ra7 {[%clk 0:27:07]} b4 {[%clk 0:27:43]} 24. Nb5
{[%clk 0:24:32]} Rb7 {[%clk 0:20:56]} 25. Qc4 Rf6 {[%clk 0:08:18]} 26. Qxb4
{[%clk 0:14:40]} Rxa7 {[%clk 0:06:13]} 27. Nxa7 {[%clk 0:15:07]} Qa6
{[%clk 0:06:00]} 28. Nb5 {[%clk 0:13:31]} c6 {[%clk 0:04:38]} 29. Na3
{[%clk 0:11:41]} Bf4 {[%clk 0:04:06]} 30. Qc4 {[%clk 0:09:34]} Qb7
{[%clk 0:04:28]} 31. Qe2 {[%clk 0:09:43]} d5 {[%clk 0:03:04]} 32. b4
{[%clk 0:09:17]} Bc7 {[%clk 0:02:41]} 33. Nc2 {[%clk 0:09:17]} e5
{[%clk 0:02:52]} 34. Ne3 {[%clk 0:09:15]} dxe4 {[%clk 0:02:03]} 35. Nd2
{[%clk 0:08:43]} Rf4 {[%clk 0:01:31]} 36. g3 {[%clk 0:08:44]} Rf8
{[%clk 0:01:27]} 37. Nxe4 {[%clk 0:09:10]} Nb6 {[%clk 0:01:35]} 38. Rd1
{[%clk 0:08:31]} Qc8 {[%clk 0:01:18]} 39. h4 {[%clk 0:06:59]} Qe6
{[%clk 0:01:43]} 40. c4 {[%clk 0:07:05]} Rd8 {[%clk 0:01:15]} 41. Rxd8+
{[%clk 0:06:28]} Bxd8 {[%clk 0:01:40]} 42. Qd3 {[%clk 0:05:12]} Be7
{[%clk 0:01:53]} 43. c5 {[%clk 0:04:13]} Nd5 {[%clk 0:01:10]} 44. Nxd5
{[%clk 0:04:37]} cxd5 {[%clk 0:01:37]} 45. Nc3 {[%clk 0:04:53]} d4
{[%clk 0:01:53]} 46. Ne4 {[%clk 0:05:22]} Qd5 {[%clk 0:02:15]} 47. h5
{[%clk 0:05:39]} Bf8 {[%clk 0:02:09]} 48. Qf3 {[%clk 0:04:10]} Qc4
{[%clk 0:02:29]} 49. Qg4 {[%clk 0:04:04]} Qxb4 {[%clk 0:01:33]} 50. c6
{[%clk 0:02:56]} Qe7 {[%clk 0:01:01]} 51. Qc8 {[%clk 0:02:16]} Qb4
{[%clk 0:00:32]} 52. c7 {[%clk 0:02:27]} 1-0

[Event "1st Stars Cup 2016"]
[Site "Guilan, Iran"]
[Date "2016.07.14"]
[Round "4"]
[Board "6"]
[White "Lorparizangeneh, Shahin"]
[Black "Miroshnichenko, Evgenij"]
[Result "0-1"]
[WhiteElo "2468"]
[BlackElo "2616"]
[PlyCount "0"]
[EventDate "2016.07.11"]
[EventType "team"]
[EventRounds "10"]
[EventCountry "IRI"]
[WhiteTeam "Iran Stars"]
[BlackTeam "World Stars"]

1. d4 {[%clk 1:30:57]} d6 {[%clk 1:30:00]} 2. e4 {[%clk 1:25:22]} Nf6
{[%clk 1:30:08]} 3. Nc3 {[%clk 1:25:44]} e5 {[%clk 1:30:30]} 4. Nf3
{[%clk 1:26:04]} Nbd7 {[%clk 1:30:50]} 5. Bc4 {[%clk 1:26:19]} Be7
{[%clk 1:31:10]} 6. O-O {[%clk 1:26:36]} O-O {[%clk 1:31:34]} 7. a4
{[%clk 1:26:24]} c6 {[%clk 1:29:35]} 8. h3 {[%clk 1:26:21]} Qc7 {[%clk 1:28:44]}
9. Re1 {[%clk 1:24:25]} b6 {[%clk 1:19:46]} 10. Ba2 {[%clk 1:18:04]} Bb7
{[%clk 1:17:47]} 11. Nh4 {[%clk 1:14:10]} Rae8 {[%clk 1:00:03]} 12. Nf5
{[%clk 1:10:28]} exd4 {[%clk 0:50:42]} 13. Qxd4 {[%clk 0:49:24]} Ne5
{[%clk 0:24:40]} 14. Bg5 {[%clk 0:47:56]} Bc8 {[%clk 0:21:30]} 15. Nxe7+
{[%clk 0:33:19]} Qxe7 {[%clk 0:21:38]} 16. f4 {[%clk 0:32:10]} Ng6
{[%clk 0:22:00]} 17. e5 {[%clk 0:32:04]} dxe5 {[%clk 0:20:53]} 18. fxe5
{[%clk 0:32:28]} Qd7 {[%clk 0:19:06]} 19. Qxd7 {[%clk 0:12:09]} Nxd7
{[%clk 0:19:12]} 20. e6 {[%clk 0:12:35]} fxe6 {[%clk 0:19:37]} 21. Ne4
{[%clk 0:11:14]} h6 {[%clk 0:19:08]} 22. Nd6 {[%clk 0:07:22]} hxg5
{[%clk 0:19:02]} 23. Nxc8 {[%clk 0:05:23]} Nde5 {[%clk 0:07:33]} 24. Nd6
{[%clk 0:05:41]} Re7 {[%clk 0:07:57]} 25. Re3 {[%clk 0:05:42]} Rd8
{[%clk 0:06:59]} 26. Ne4 {[%clk 0:06:02]} Nf7 {[%clk 0:07:00]} 27. Rae1
{[%clk 0:05:21]} Nf4 {[%clk 0:06:22]} 28. Rg3 {[%clk 0:04:58]} Nh5
{[%clk 0:06:01]} 29. Rf3 {[%clk 0:04:18]} Rd4 {[%clk 0:03:29]} 30. Bb3
{[%clk 0:04:22]} Nf4 {[%clk 0:01:18]} 31. h4 {[%clk 0:04:11]} Nd5
{[%clk 0:01:10]} 32. c3 {[%clk 0:03:54]} g4 {[%clk 0:00:45]} 33. Rg3
{[%clk 0:03:54]} Rxe4 {[%clk 0:01:05]} 34. Rxe4 {[%clk 0:04:22]} Nh6
{[%clk 0:01:33]} 35. Rd3 {[%clk 0:04:20]} Kf7 {[%clk 0:01:57]} 36. Rd2
{[%clk 0:02:30]} g6 {[%clk 0:01:49]} 37. Rc4 {[%clk 0:02:12]} Rc7
{[%clk 0:01:27]} 38. Rcd4 {[%clk 0:01:34]} g3 {[%clk 0:01:04]} 39. Bc2
{[%clk 0:01:21]} Nf5 {[%clk 0:00:53]} 40. Re4 {[%clk 0:01:19]} Nf6
{[%clk 0:00:48]} 41. Rf4 {[%clk 0:01:38]} e5 {[%clk 0:00:34]} 42. Rf1
{[%clk 0:00:57]} Ke6 {[%clk 0:00:48]} 43. Re2 {[%clk 0:00:46]} Rh7
{[%clk 0:00:36]} 44. Bb3+ {[%clk 0:00:47]} Kd6 {[%clk 0:00:34]} 45. Rd1+
{[%clk 0:00:48]} Kc7 {[%clk 0:00:57]} 46. Rxe5 {[%clk 0:00:55]} Rxh4
{[%clk 0:00:52]} 47. Rde1 {[%clk 0:00:33]} Nd7 {[%clk 0:00:34]} 48. Re8
{[%clk 0:00:41]} Nf6 {[%clk 0:00:44]} 49. Rf8 {[%clk 0:00:39]} Ne4
{[%clk 0:00:55]} 50. Bc2 {[%clk 0:00:38]} Nf2 {[%clk 0:01:13]} 51. Kf1
{[%clk 0:00:51]} Rf4 {[%clk 0:01:07]} 52. Rf7+ {[%clk 0:00:45]} Kd6
{[%clk 0:01:13]} 53. Rf6+ {[%clk 0:01:00]} Kc7 {[%clk 0:00:56]} 54. Rf7+
{[%clk 0:00:49]} Kd6 {[%clk 0:01:24]} 55. Kg1 {[%clk 0:00:43]} Rh4
{[%clk 0:01:34]} 56. Kf1 {[%clk 0:00:44]} Rf4 {[%clk 0:01:50]} 57. Rf6+
{[%clk 0:00:39]} Kc7 {[%clk 0:02:16]} 58. Re7+ {[%clk 0:00:37]} Kd8
{[%clk 0:02:40]} 59. Ref7 {[%clk 0:00:44]} Ne4+ {[%clk 0:02:42]} 60. Ke1
{[%clk 0:01:07]} Nxf6 {[%clk 0:03:06]} 61. Rxf6 {[%clk 0:01:35]} Ne3
{[%clk 0:03:23]} 62. Rd6+ {[%clk 0:00:34]} Kc7 {[%clk 0:03:01]} 63. Rd2
{[%clk 0:01:02]} Nxc2+ {[%clk 0:01:52]} 64. Rxc2 {[%clk 0:01:30]} Rxa4
{[%clk 0:02:08]} 65. c4 {[%clk 0:01:32]} Rb4 {[%clk 0:02:16]} 66. Rc3
{[%clk 0:00:48]} Rxb2 {[%clk 0:02:30]} 67. Rxg3 {[%clk 0:01:16]} Rb4
{[%clk 0:01:51]} 68. c5 {[%clk 0:01:21]} Re4+ {[%clk 0:02:19]} 69. Kd2
{[%clk 0:01:43]} Re6 {[%clk 0:02:47]} 70. Kc3 {[%clk 0:02:03]} Kb7
{[%clk 0:02:41]} 71. Rf3 {[%clk 0:01:53]} Re5 {[%clk 0:02:50]} 72. Rf7+
{[%clk 0:02:17]} Ka6 {[%clk 0:03:08]} 73. cxb6 {[%clk 0:02:42]} axb6
{[%clk 0:03:22]} 74. Rf6 {[%clk 0:03:09]} Rg5 {[%clk 0:03:38]} 75. Rxc6
{[%clk 0:03:15]} Rc5+ {[%clk 0:04:06]} 76. Rxc5 {[%clk 0:03:31]} bxc5
{[%clk 0:04:34]} 77. Kc4 {[%clk 0:03:55]} Kb6 {[%clk 0:0

[Event "1st Stars Cup 2016"]
[Site "Guilan, Iran"]
[Date "2016.07.14"]
[Round "4"]
[Board "7"]
[White "Lu, Shanglei"]
[Black "Pourramezanali, Amirreza"]
[Result "1/2-1/2"]
[WhiteElo "2611"]
[BlackElo "2509"]
[PlyCount "0"]
[EventDate "2016.07.11"]
[EventType "team"]
[EventRounds "10"]
[EventCountry "IRI"]
[WhiteTeam "World Stars"]
[BlackTeam "Iran Stars"]

1. e4 {[%clk 1:30:53]} e6 {[%clk 1:30:55]} 2. d4 {[%clk 1:30:43]} d5
{[%clk 1:31:18]} 3. Nd2 {[%clk 1:30:56]} Be7 {[%clk 1:31:44]} 4. Bd3
{[%clk 1:17:40]} c5 {[%clk 1:31:50]} 5. exd5 {[%clk 1:17:49]} Qxd5
{[%clk 1:31:05]} 6. dxc5 {[%clk 1:11:36]} Nf6 {[%clk 1:29:11]} 7. Ngf3
{[%clk 1:09:25]} Qxc5 {[%clk 1:29:34]} 8. Qe2 {[%clk 1:07:04]} Qc7
{[%clk 1:29:59]} 9. O-O {[%clk 0:58:03]} Nbd7 {[%clk 1:30:24]} 10. Ne4
{[%clk 0:54:50]} Nxe4 {[%clk 1:29:34]} 11. Qxe4 {[%clk 0:55:15]} Nc5
{[%clk 1:30:00]} 12. Bb5+ {[%clk 0:43:42]} Bd7 {[%clk 1:30:09]} 13. Bxd7+
{[%clk 0:43:47]} Qxd7 {[%clk 1:29:46]} 14. Qg4 {[%clk 0:43:39]} O-O
{[%clk 1:28:33]} 15. Be3 {[%clk 0:44:02]} Rad8 {[%clk 1:22:34]} 16. Rfe1
{[%clk 0:42:42]} Qa4 {[%clk 1:10:45]} 17. Qxa4 {[%clk 0:34:04]} Nxa4
{[%clk 1:11:06]} 18. b3 {[%clk 0:34:21]} Nc3 {[%clk 0:51:11]} 19. Bxa7
{[%clk 0:29:18]} Ba3 {[%clk 0:48:32]} 20. Re3 {[%clk 0:24:31]} Bb2
{[%clk 0:48:22]} 21. Rae1 {[%clk 0:24:22]} Nd5 {[%clk 0:45:15]} 22. Rd3
{[%clk 0:22:34]} Ra8 {[%clk 0:44:58]} 23. Bd4 {[%clk 0:22:03]} Rxa2
{[%clk 0:45:05]} 24. c3 {[%clk 0:20:08]} Rfa8 {[%clk 0:40:34]} 25. g3
{[%clk 0:19:58]} h6 {[%clk 0:39:22]} 26. Kg2 {[%clk 0:17:59]} b5 {[%clk 0:33:57]}
27. h4 {[%clk 0:10:38]} R8a3 {[%clk 0:32:48]} 28. Re2 {[%clk 0:12:50]} Ba1
{[%clk 0:25:26]} 29. Rxa2 {[%clk 0:12:42]} Rxa2 {[%clk 0:25:04]} 30. c4
{[%clk 0:13:05]} Nb4 {[%clk 0:20:29]} 31. Rd1 {[%clk 0:13:09]} Bxd4
{[%clk 0:20:53]} 32. Rxd4 {[%clk 0:13:11]} bxc4 {[%clk 0:21:18]} 33. bxc4
{[%clk 0:13:33]} Rc2 {[%clk 0:20:59]} 34. Ne5 {[%clk 0:10:49]} f6
{[%clk 0:20:54]} 35. Ng6 {[%clk 0:08:38]} h5 {[%clk 0:14:18]} 36. Rd7
{[%clk 0:06:43]} e5 {[%clk 0:09:57]} 37. Ne7+ {[%clk 0:06:42]} Kh7
{[%clk 0:10:25]} 38. Nf5 {[%clk 0:06:35]} Kg6 {[%clk 0:10:48]} 39. Nxg7
{[%clk 0:06:05]} e4 {[%clk 0:10:26]} 40. Ne8 {[%clk 0:01:16]} Nd3
{[%clk 0:09:48]} 41. Rg7+ {[%clk 0:01:25]} Kf5 {[%clk 0:09:12]} 42. Re7
{[%clk 0:01:51]} Rxf2+ {[%clk 0:06:11]} 43. Kg1 {[%clk 0:02:18]} Kg4
{[%clk 0:06:05]} 44. Rxe4+ {[%clk 0:02:12]} Kf3 {[%clk 0:06:08]} 45. Nxf6
{[%clk 0:00:49]} Rg2+ {[%clk 0:04:28]} 46. Kf1 {[%clk 0:01:15]} Ra2
{[%clk 0:02:36]} 47. Kg1 {[%clk 0:01:41]} Ra1+ {[%clk 0:03:01]} 48. Kh2
{[%clk 0:02:05]} Ra2+ {[%clk 0:03:28]} 49. Kg1 {[%clk 0:02:29]} 1/2-1/2

[Event "1st Stars Cup 2016"]
[Site "Guilan, Iran"]
[Date "2016.07.14"]
[Round "4"]
[Board "8"]
[White "Mchedlishvili, Mikheil"]
[Black "Gholami, Aryan"]
[Result "1-0"]
[WhiteElo "2604"]
[BlackElo "2454"]
[PlyCount "0"]
[EventDate "2016.07.11"]
[EventType "team"]
[EventRounds "10"]
[EventCountry "IRI"]
[WhiteTeam "World Stars"]
[BlackTeam "Iran Stars"]

1. e4 {[%clk 1:30:49]} c5 {[%clk 1:30:45]} 2. Nf3 {[%clk 1:30:58]} e6
{[%clk 1:30:51]} 3. d4 {[%clk 1:30:43]} cxd4 {[%clk 1:31:12]} 4. Nxd4
{[%clk 1:31:06]} a6 {[%clk 1:31:07]} 5. Nc3 {[%clk 1:30:36]} Qc7 {[%clk 1:31:03]}
6. Bd3 {[%clk 1:29:56]} Nf6 {[%clk 1:31:08]} 7. f4 {[%clk 1:29:27]} d5
{[%clk 1:22:43]} 8. e5 {[%clk 1:25:48]} Nfd7 {[%clk 1:22:54]} 9. Be3
{[%clk 1:21:03]} Nc6 {[%clk 1:16:48]} 10. Nce2 {[%clk 1:18:02]} Nc5
{[%clk 1:15:59]} 11. O-O {[%clk 1:16:23]} Bd7 {[%clk 1:14:31]} 12. Rc1
{[%clk 1:08:25]} Rc8 {[%clk 1:10:09]} 13. Nxc6 {[%clk 1:04:03]} bxc6
{[%clk 1:08:31]} 14. c4 {[%clk 1:01:20]} Qb7 {[%clk 1:07:10]} 15. Bb1
{[%clk 0:56:23]} Qxb2 {[%clk 1:01:37]} 16. Bd4 {[%clk 0:54:03]} Qb7
{[%clk 0:58:17]} 17. Ng3 {[%clk 0:53:22]} Na4 {[%clk 0:47:06]} 18. f5
{[%clk 0:34:33]} c5 {[%clk 0:40:15]} 19. fxe6 {[%clk 0:34:57]} Bxe6
{[%clk 0:40:12]} 20. cxd5 {[%clk 0:33:50]} Qxd5 {[%clk 0:39:18]} 21. Qxa4+
{[%clk 0:33:11]} Bd7 {[%clk 0:39:19]} 22. Qxa6 {[%clk 0:32:59]} Qxd4+
{[%clk 0:39:21]} 23. Kh1 {[%clk 0:33:23]} Qa4 {[%clk 0:31:56]} 24. Qe2
{[%clk 0:30:14]} Be6 {[%clk 0:26:25]} 25. Bf5 {[%clk 0:27:30]} Qc6
{[%clk 0:25:23]} 26. Bxe6 {[%clk 0:26:13]} Qxe6 {[%clk 0:25:14]} 27. Nh5
{[%clk 0:26:28]} Ra8 {[%clk 0:20:50]} 28. Nf4 {[%clk 0:25:34]} Qa6
{[%clk 0:20:33]} 29. Qf3 {[%clk 0:24:14]} Ra7 {[%clk 0:18:49]} 30. Rb1
{[%clk 0:21:52]} Qc8 {[%clk 0:16:22]} 31. Nd5 {[%clk 0:21:47]} c4
{[%clk 0:16:24]} 32. e6 {[%clk 0:18:52]} fxe6 {[%clk 0:15:01]} 33. Qh5+
{[%clk 0:15:19]} g6 {[%clk 0:14:49]} 34. Nf6+ {[%clk 0:14:33]} Kd8
{[%clk 0:07:52]} 35. Qe5 {[%clk 0:14:10]} 1-0

[Event "1st Stars Cup 2016"]
[Site "Guilan, Iran"]
[Date "2016.07.14"]
[Round "4"]
[Board "9"]
[White "Idani, Pouya"]
[Black "Ehlvest, Jaan"]
[Result "0-1"]
[WhiteElo "2560"]
[BlackElo "2524"]
[PlyCount "0"]
[EventDate "2016.07.11"]
[EventType "team"]
[EventRounds "10"]
[EventCountry "IRI"]
[WhiteTeam "Iran Stars"]
[BlackTeam "World Stars"]

1. e4 {[%clk 1:30:59]} c5 {[%clk 1:30:56]} 2. Nf3 {[%clk 1:31:25]} Nc6
{[%clk 1:31:21]} 3. d4 {[%clk 1:31:52]} cxd4 {[%clk 1:31:47]} 4. Nxd4
{[%clk 1:32:18]} Qb6 {[%clk 1:32:13]} 5. Nb3 {[%clk 1:32:39]} Nf6
{[%clk 1:32:37]} 6. Nc3 {[%clk 1:33:04]} e6 {[%clk 1:33:04]} 7. a3
{[%clk 1:32:44]} a6 {[%clk 1:30:55]} 8. Bf4 {[%clk 1:29:12]} Ne7 {[%clk 1:24:04]}
9. Qd2 {[%clk 1:18:52]} Ng6 {[%clk 1:10:17]} 10. Bg3 {[%clk 1:19:17]} Nh5
{[%clk 1:02:50]} 11. O-O-O {[%clk 1:15:14]} Nxg3 {[%clk 0:58:33]} 12. hxg3
{[%clk 1:15:09]} Qc7 {[%clk 0:58:23]} 13. f4 {[%clk 1:15:32]} b5 {[%clk 0:58:26]}
14. Kb1 {[%clk 1:15:57]} Rb8 {[%clk 0:45:18]} 15. Na2 {[%clk 1:14:24]} Ne7
{[%clk 0:36:51]} 16. Rh5 {[%clk 1:02:08]} Nc6 {[%clk 0:29:35]} 17. Nb4
{[%clk 0:54:32]} Na7 {[%clk 0:23:48]} 18. Na2 {[%clk 0:47:29]} Bb7
{[%clk 0:19:57]} 19. Qe3 {[%clk 0:42:52]} Nc8 {[%clk 0:13:16]} 20. Nb4
{[%clk 0:38:55]} Nb6 {[%clk 0:11:46]} 21. Qd4 {[%clk 0:33:37]} Rc8
{[%clk 0:11:12]} 22. Bd3 {[%clk 0:33:50]} Na4 {[%clk 0:10:36]} 23. Rdh1
{[%clk 0:28:23]} h6 {[%clk 0:11:00]} 24. Rd1 {[%clk 0:28:46]} Rg8
{[%clk 0:10:14]} 25. Rhh1 {[%clk 0:22:55]} Bc5 {[%clk 0:09:01]} 26. Nxc5
{[%clk 0:23:11]} Qxc5 {[%clk 0:09:28]} 27. c3 {[%clk 0:21:59]} Ke7
{[%clk 0:08:40]} 28. g4 {[%clk 0:20:05]} d6 {[%clk 0:06:08]} 29. Rh5
{[%clk 0:18:12]} Qb6 {[%clk 0:05:13]} 30. Bc2 {[%clk 0:16:43]} Qxd4
{[%clk 0:03:46]} 31. cxd4 {[%clk 0:16:51]} g5 {[%clk 0:03:38]} 32. f5
{[%clk 0:14:54]} a5 {[%clk 0:03:59]} 33. Na2 {[%clk 0:15:17]} Rxc2
{[%clk 0:03:40]} 34. Kxc2 {[%clk 0:15:41]} Bxe4+ {[%clk 0:03:49]} 35. Kd2
{[%clk 0:16:03]} Nxb2 {[%clk 0:02:54]} 36. Re1 {[%clk 0:13:52]} Nc4+
{[%clk 0:03:14]} 37. Ke2 {[%clk 0:11:56]} Nxa3 {[%clk 0:02:00]} 38. Nc3
{[%clk 0:12:16]} Bb7 {[%clk 0:01:39]} 39. fxe6 {[%clk 0:11:50]} b4
{[%clk 0:01:43]} 40. Na4 {[%clk 0:11:13]} Rg6 {[%clk 0:01:10]} 41. exf7
{[%clk 0:09:36]} Kxf7 {[%clk 0:01:20]} 42. Rc1 {[%clk 0:08:51]} Ba6+
{[%clk 0:01:35]} 43. Kd1 {[%clk 0:08:26]} Nc4 {[%clk 0:01:56]} 44. Rh3
{[%clk 0:07:54]} Bb5 {[%clk 0:02:12]} 45. Rf3+ {[%clk 0:07:18]} Rf6
{[%clk 0:02:04]} 46. Ke1 {[%clk 0:07:18]} Rxf3 {[%clk 0:02:27]} 47. gxf3
{[%clk 0:07:43]} Ke6 {[%clk 0:02:48]} 0-1

[Event "1st Stars Cup 2016"]
[Site "Guilan, Iran"]
[Date "2016.07.14"]
[Round "4"]
[Board "10"]
[White "Vakhidov, Jahongir"]
[Black "Ghaem Maghami, Ehsan"]
[Result "1/2-1/2"]
[WhiteElo "2586"]
[BlackElo "2569"]
[PlyCount "0"]
[EventDate "2016.07.11"]
[EventType "team"]
[EventRounds "10"]
[EventCountry "IRI"]
[WhiteTeam "World Stars"]
[BlackTeam "Iran Stars"]

1. Nf3 {[%clk 1:30:43]} Nf6 {[%clk 1:30:19]} 2. c4 {[%clk 1:29:58]} e6
{[%clk 1:29:53]} 3. e3 {[%clk 1:28:01]} b6 {[%clk 1:29:36]} 4. d4
{[%clk 1:27:45]} Bb7 {[%clk 1:29:43]} 5. Bd3 {[%clk 1:27:30]} d5 {[%clk 1:28:45]}
6. O-O {[%clk 1:27:34]} Nbd7 {[%clk 1:27:48]} 7. b3 {[%clk 1:26:13]} Be7
{[%clk 1:26:10]} 8. Bb2 {[%clk 1:26:21]} O-O {[%clk 1:26:09]} 9. Nc3
{[%clk 1:25:31]} c5 {[%clk 1:23:49]} 10. cxd5 {[%clk 1:23:10]} exd5
{[%clk 1:20:45]} 11. Rc1 {[%clk 1:20:41]} Re8 {[%clk 1:19:40]} 12. Bb1
{[%clk 1:18:33]} Bd6 {[%clk 1:14:20]} 13. Ne2 {[%clk 1:13:59]} Qe7
{[%clk 1:13:40]} 14. dxc5 {[%clk 1:12:21]} bxc5 {[%clk 1:11:59]} 15. Ng3
{[%clk 1:12:29]} g6 {[%clk 1:11:24]} 16. Bd3 {[%clk 1:07:43]} a6 {[%clk 1:09:08]}
17. Re1 {[%clk 1:06:02]} Ng4 {[%clk 1:02:41]} 18. Qc2 {[%clk 0:56:29]} Rac8
{[%clk 0:58:16]} 19. Qe2 {[%clk 0:55:24]} Nge5 {[%clk 0:57:24]} 20. Nxe5
{[%clk 0:54:23]} 1/2-1/2